| 000 | 01738nam a2200397Ia 4500 | ||
|---|---|---|---|
| 001 | vtls003200303 | ||
| 003 | MY-SjTCS | ||
| 005 | 20200226114114.0 | ||
| 006 | m u | ||
| 007 | cr cn||||||||| | ||
| 008 | 100712s2008 dcua sb 001 0deng d | ||
| 020 | _z0942257405 | ||
| 020 | _z9780942257403 | ||
| 035 | _a(CaPaEBR)ebr10289890 | ||
| 039 | 9 |
_y201007121739 _zVLOAD |
|
| 040 |
_aCaPaEBR _cCaPaEBR |
||
| 050 | 1 | 4 |
_aGV722 1980 _b.C37 2008eb |
| 100 | 1 | _aCaraccioli, Tom. | |
| 245 | 1 | 0 |
_aBoycott _h[electronic resource] : _bstolen dreams of the 1980 Moscow Olympic Games / _cTom Caraccioli and Jerry Caraccioli ; foreword by Vice President Walter F. Mondale. |
| 246 | 3 | 0 | _aStolen dreams of the 1980 Moscow Olympic Games |
| 260 |
_a[Washington, D.C.] : _bNew Chapter Press ; _a[Chicago] : _bDistributed by Independent Publishers Group, _c[2008?] |
||
| 300 |
_axviii, 268 p. : _bill. |
||
| 504 | _aIncludes bibliographical references and index. | ||
| 529 | _aTSLHHL | ||
| 533 |
_aElectronic reproduction. _bPalo Alto, Calif. : _cebrary, _d2009. _nAvailable via World Wide Web. _nAccess may be limited to ebrary affiliated libraries. |
||
| 611 | 2 | 0 |
_aOlympic Games _n(22nd : _d1980 : _cMoscow, Russia) |
| 650 | 0 |
_aOlympics _xHistory. |
|
| 650 | 0 |
_aAthletes _zUnited States _vBiography. |
|
| 650 | 0 |
_aSports and state _zUnited States. |
|
| 650 | 0 |
_aBoycotts _zUnited States. |
|
| 651 | 0 |
_aUnited States _xForeign relations. _937799 |
|
| 655 | 7 |
_aElectronic books. _2local |
|
| 700 | 1 | _aCaraccioli, Jerry. | |
| 710 | 2 |
_aebrary, Inc. _925628 |
|
| 856 | 4 | 0 |
_uhttps://ezproxy.taylors.edu.my/login?url=http://site.ebrary.com/lib/taylorscollege/Doc?id=10289890 _zAn electronic book accessible through the World Wide Web; click to view |
| 999 | _c127183 | ||